书目信息 |
| 书名: | Corporate communications management | |
| 作者: | Diane Gayeski. | |
| 分册号: | ||
| 分册名: | 出版地: | Boston : |
|
| 出版社: | Focal Press | |
| 出版时间: | 1993. | |
| 页数: | 239 p. ; | |
| 开本: | 26cm. | |
| 丛书名: | ||
| 中图分类号: | ||
| 科图分类号: | ||
| 其他分类号: | F416.63 | |
| 主题词: | ||
| 电子资源: | ||
| 000 | 00516nam 2200157 a 4500 | |
| 001 | E0133960486 | |
| 005 | 2001123009255977 | |
| 008 | 011230s1993 00010 eng | |
| 020 | @a0-240-80139-3. | |
| 040 | @aPFT@beng | |
| 090 | @aF416.63 | |
| 099 | @dF416.63@eG286 | |
| 245 | @aCorporate communications management :@bThe Renaissance communicator in information-age organzations / @cDiane Gayeski. | |
| 260 | @aBoston :@bFocal Press,@c1993. | |
| 300 | @a239 p. ;@c26cm. | |
| 500 | @aIncludes bibliographica References and index | |
| Corporate communications management : : The Renaissance communicator in information-age organzations / / Diane Gayeski.-Boston : : Focal Press, , 1993. |
| 239 p. ; ; 26cm. |
| Includes bibliographica References and index |
| ISBN 0-240-80139-3. |
| ● |
| 相关链接 |
|
|
|
正题名:Corporate communications management
索取号:F416.63/G286
 
预约/预借
| 序号 | 登录号 | 条形码 | 馆藏地/架位号 | 状态 | 备注 |
| 1 | 1242 | 300012420 | 社科库409/409社科库 117排2列2层/ [索取号:F416.63/G286] | 在馆 |